Statistiques concernant Culture Générale - Série 1299

Cliquez ici pour prendre le quiz!

Statistiques générales

  • Ce quiz a été pris 55 fois
  • Le résultat moyen est 6 sur 10

Statistiques - réponses

QuestionRéponse% Correct
Dans quel port chanté par Claude François les « sirènes chantent encore la même mélodie » ?port d'Alexandrie
96%
Quel acteur français, qui incarne un coach bouliste dans Les Invincibles, est devenu citoyen russe en 2013 ?Gérard Depardieu
90%
Le film de 2010 The Social Network traite du fondateur de quel site Internet ?Facebook
86%
De quelle nationalité est le célèbre DJ David Guetta ?française
82%
Quel auteur-compositeur a écrit Là-Bas et la bande originale du film Astérix et Obélix contre César ?Jean-Jacques Goldman
57%
Quel chanteur annonce dans l'album Repenti qu'il a « toujours préféré aux voisins les voisines » ?Renan Luce
57%
Quel acteur a incarné James Bond et participé au concours de M. Univers ?Sean Connery
43%
Dans la série X-Files, quel est le prénom de l'agent du FBI Mulder ?Fox
31%
Dans la série X-Files, quel est le prénom de l'agent du FBI Scully?Dana
31%
En l'hommage de qui Elton John a-t-il écrit la première version de « Candle in the Wind » ?Marilyn Monroe
20%

Distribution des résultats

Percentile par nombre de réponses

% des personnes avec chaque résultat

Votre développement - résultats

Vous n’avez pas pris ce quiz